Child Support Guidelines in Canada, 2020

Detalles Bibliográficos
Autor principal: Payne, Julien D.
Otros Autores: Payne, Marilyn A.
Formato: eBook
Lenguaje:inglés
Publicado: Toronto: Irwin Law Inc., 2019
Materias:
Acceso en línea:Acceso restringido

MARC

LEADER 00000nam a22000007a 4500
005 20210805135827.0
007 cr|||| |||
008 210805s2019 ca |||||s|||| 00||0 eng d
020 |a 9781552215227 
035 |a 34974 
040 |a vLex 
090 |c 11922  |d 11922 
100 1 |a Payne, Julien D. 
245 1 0 |a Child Support Guidelines in Canada, 2020  |h [Recurso electrn̤ico] /  |c Julien D. Payne, Marilyn A. Payne 
256 |a Servicio en ln̕ea 
260 |a Toronto:  |b Irwin Law Inc.,  |c 2019 
300 |a 1 recurso electrn̤ico 
500 |a Child Support Guidelines in Canada, 2020 continues the tradition of presenting comprehensive, current caselaw and analysis in a very practical format. Relevant cases from every Canadian province and territory are cited in support of the principles set out in the textual commentary. 
506 1 |a Disponible solo en los productos indicados  |d vLex Global  |d vLex Global (Academic Edition, excluding Law Schools)  |d vLex Global (U.S. Academic Edition, Law Schools)  |d vLex Global (U.S. Academic Edition, excluding Law Schools)  |d vLex Global (Academic Edition, Law Schools) 
650 0 4 |a Familia y Sucesiones  |z Canad̀ 
700 1 |a Payne, Marilyn A. 
740 0 |a vLex Libros (Servicio en ln̕ea) 
856 4 0 |u https://app.vlex.com/#/sources/34974  |z Acceso restringido 
942 |c BOOK 
999 0 |a Family and Successions